Thermodynamics for engineering technology (Record no. 81287)
[ view plain ]
| 000 -LEADER | |
|---|---|
| fixed length control field | 00753nam a2200181 a 4500 |
| 008 - FIXED-LENGTH DATA ELEMENTS--GENERAL INFORMATION | |
| fixed length control field | 120416s1984 ||||||||||||||||| || u |
| 020 ## - INTERNATIONAL STANDARD BOOK NUMBER | |
| International Standard Book Number | 0534030505 |
| 050 ## - LIBRARY OF CONGRESS CALL NUMBER | |
| Classification number | TJ 265 Per |
| 100 ## - MAIN ENTRY--PERSONAL NAME | |
| Personal name | Perry, Robert L., 1922- |
| 245 10 - TITLE STATEMENT | |
| Title | Thermodynamics for engineering technology |
| 260 ## - PUBLICATION, DISTRIBUTION, ETC. | |
| Place of publication, distribution, etc. | North Scituate, [Mass.] |
| Name of publisher, distributor, etc. | Breton Publishers |
| Date of publication, distribution, etc. | 1984 |
| 300 ## - PHYSICAL DESCRIPTION | |
| Extent | xv, 496p.: ill. |
| 350 ## - | |
| -- | 0.00 |
| 500 ## - GENERAL NOTE | |
| General note | Includes index. |
| 650 ## - SUBJECT ADDED ENTRY--TOPICAL TERM | |
| Topical term or geographic name entry element | THERMODYNAMICS |
| 995 ## - | |
| -- | BINDERY (DAMAGED) |
| -- | 0.00 |
| -- | 721779 |
| -- | CBU-MAIN LIBRARY (Kitwe) |
| -- | 1 |
| -- | 29.75 |
| -- | TJ 265 Per |
| -- | 1 |
| -- | DAMAGED |
| -- | 017771 |
| -- | Main Library Open Access Collection |
| 995 ## - | |
| -- | MAIN LIBRARY OPEN ACCESS |
| -- | 0.00 |
| -- | 712617 |
| -- | CBU-MAIN LIBRARY (Kitwe) |
| -- | 2 |
| -- | 29.75 |
| -- | TJ 265 Per |
| -- | AVAILABLE |
| -- | 017770 |
| -- | Main Library Open Access Collection |
| 999 ## - | |
| -- | 81287 |
| -- | 81287 |
| Withdrawn status | Lost status | Source of classification or shelving scheme | Damaged status | Not for loan | Permanent Location | Current Location | Shelving location | Date acquired | Total Checkouts | Full call number | Barcode | Date last seen | Copy number | Price effective from | Koha item type |
|---|---|---|---|---|---|---|---|---|---|---|---|---|---|---|---|
| CBU-MAIN LIBRARY, KITWE. | CBU-MAIN LIBRARY, KITWE. | 08/18/2023 | TJ 265 Per | 017771 | 08/18/2023 | 1 | 08/18/2023 | MONOGRAPH | |||||||
| CBU-MAIN LIBRARY, KITWE. | CBU-MAIN LIBRARY, KITWE. | 08/18/2023 | TJ 265 Per | 017770 | 08/18/2023 | 2 | 08/18/2023 | MONOGRAPH |